| 000 | 01208nam a2200337 a 4500 | ||
|---|---|---|---|
| 001 | 000109649 | ||
| 003 | CHAP | ||
| 005 | 20220329144058.0 | ||
| 008 | 140516s2014 mx sm |||||||spa d | ||
| 010 | _a106111 | ||
| 011 | _a107083 | ||
| 040 | _cCHAP | ||
| 090 | _aTesis | ||
| 100 | 1 |
_aQuintero Salazar, Jesús _9126896 |
|
| 245 | 1 | 0 |
_aEvaluación técnica productiva de la red de valor de bovinos leche región Texcoco, Estado de México _h[En línea] _cpor Jesús Quintero Salazar. |
| 260 |
_aChapingo, Méx. : _bEl autor, _c2014. |
||
| 500 | _aPara ver el contenido del material haga clic en la liga | ||
| 502 | _aTesis (Ing. Agr. Esp. en Zootecnia) -- UACH. Departamento de Zootecnia | ||
| 590 |
_aBATCH-UPD _b05 _c20141002 _lUCH01 _h0903 |
||
| 590 |
_aE6096MTM _b05 _c20140516 _lUCH01 _h0956 |
||
| 590 |
_aE6096MTM _b05 _c20140516 _lUCH01 _h0958 |
||
| 650 | 1 | 4 |
_aEvaluación. _938913 |
| 650 | 1 | 4 |
_aGanado lechero _zMéxico (Edo.). _945314 |
| 650 | 1 | 4 |
_aLeche _xProducción. _965400 |
| 650 | 1 | 4 |
_aRedes de valor. _995384 |
| 650 | 1 | 4 |
_aSistemas de producción. _9106767 |
| 856 |
_aFinding aid _uhttp://10.13.5.2/tesis/sist109649.pdf _zTeclea aquí |
||
| 901 | _aBK | ||
| 942 | _cTESIS | ||
| 942 | _n0 | ||
| 999 |
_c106111 _d106111 |
||